000 00192 a2200097 4500
020 _a9780545940788
041 _aeng
100 _aMeadows, Daisy
245 _aMagic animal friends
942 _cBK
999 _c31310
_d31308